Ecumenical Christianity (Record no. 131962)
[ view plain ]
| 000 -LEADER | |
|---|---|
| fixed length control field | 00588nam a22001937a 4500 |
| 003 - CONTROL NUMBER IDENTIFIER | |
| control field | ARRUPE |
| 005 - DATE AND TIME OF LATEST TRANSACTION | |
| control field | 20251022072048.0 |
| 008 - FIXED-LENGTH DATA ELEMENTS--GENERAL INFORMATION | |
| fixed length control field | 251022b |||||||| |||| 00| 0 eng d |
| 040 ## - CATALOGING SOURCE | |
| Transcribing agency | AJU |
| 050 ## - LIBRARY OF CONGRESS CALL NUMBER | |
| Classification number | BR1360.G54 2025 |
| 300 ## - PHYSICAL DESCRIPTION | |
| Materials specified | Book |
| Other physical details | Book |
| Dimensions | 23cm |
| 245 ## - TITLE STATEMENT | |
| Title | Ecumenical Christianity |
| Remainder of title | politics in Zimbabwe |
| Statement of responsibility, etc | edited by David Kaulemu, David Maxwell and Munetsi Ruzivo |
| 260 ## - PUBLICATION, DISTRIBUTION, ETC. (IMPRINT) | |
| Place of publication, distribution, etc | Harare |
| Name of publisher, distributor, etc | The Catholic University of Zimbabwe |
| Date of publication, distribution, etc | 2025 |
| 300 ## - PHYSICAL DESCRIPTION | |
| Extent | xxxv, 303p. ; |
| Size of unit | 23cm. |
| 610 ## - SUBJECT ADDED ENTRY--CORPORATE NAME | |
| Source of heading or term | Ecumenical Christianity |
| 610 ## - SUBJECT ADDED ENTRY--CORPORATE NAME | |
| Source of heading or term | Politics |
| 651 ## - SUBJECT ADDED ENTRY--GEOGRAPHIC NAME | |
| Source of heading or term | Zimbabwe |
| 942 ## - ADDED ENTRY ELEMENTS (KOHA) | |
| Source of classification or shelving scheme | Library of Congress Classification |
| Koha item type | Monograph ( Printed materials) |
| Withdrawn status | Lost status | Source of classification or shelving scheme | Damaged status | Not for loan | Collection code | Home library | Current library | Shelving location | Date acquired | Total Checkouts | Full call number | Barcode | Date last seen | Price effective from | Koha item type | Date checked out |
|---|---|---|---|---|---|---|---|---|---|---|---|---|---|---|---|---|
| Library of Congress Classification | Main Collection | ARRUPE LIBRARY | ARRUPE LIBRARY | Main Collection | 22/10/2025 | BR1360.G54 2025 | 46700000451 | 22/10/2025 | 22/10/2025 | Monograph ( Printed materials) | ||||||
| Library of Congress Classification | Main Collection | ARRUPE LIBRARY | ARRUPE LIBRARY | Main Collection | 22/10/2025 | 1 | BR1360.G54 2025 | 46700000452 | 20/01/2026 | 22/10/2025 | Monograph ( Printed materials) | 13/11/2025 |